Indiana Cities: Groups of Four - Statistics

General Stats
  • This quiz has been taken 22 times
  • The average score is 10 of 24
Answer Stats
Hint Answer % Correct
two-word cities South Bend
89%
"-ville" cities Evansville
83%
two-word cities Fort Wayne
83%
rivers Ohio
83%
rivers Wabash
72%
two-word cities Terre Haute
56%
counties Marion
50%
counties Allen
44%
"green" cities Greencastle
44%
"green" cities Greenwood
44%
two-word cities West Lafayette
44%
rivers White
44%
"green" cities Greenfield
39%
"green" cities Greensburg
39%
"new" cities New Castle
33%
"-ville" cities Noblesville
33%
counties Hamilton
28%
counties Lake
28%
"-ville" cities Jeffersonville
22%
"new" cities New Albany
22%
rivers St. Joseph
22%
"new" cities New Haven
17%
"-ville" cities Merrillville
11%
"new" cities New Whiteland
0%
No matching quizzes found
Score Distribution
Percent of People with Each Score
Percentile by Number Answered
Your Score History
You have not taken this quiz